000 01828nam a22003615i 4500
999 _c58760
_d58760
001 21273660
005 20220715134238.0
008 191029s2020 nyu j 000 0 eng
010 _a 2019953715
020 _a9781260260496
_q(hardcover)
020 _z9781260512977
_q(ebook)
040 _aDLC
_beng
_erda
_cDLC
042 _apcc
080 _a174.7:338.22 H-31
100 1 _aHartman, Laura P.,
_eauthor.
_914424
245 1 0 _aBusiness ethics :
_bdecision making for personal integrity and social responsibility /
_cLaura P. Hartman, Joseph DesJardins, Chris MacDonald.
250 _aFifth Edition.
263 _a2002
264 1 _aNew York :
_bMcGraw-Hill Education,
_c2020.
300 _axvi, 411 pages .:
_bllustrationen, Diagramme,
_c23 cm.
336 _atext
_btxt
_2rdacontent
337 _aunmediated
_bn
_2rdamedia
338 _avolume
_bnc
_2rdacarrier
520 _a"This textbook provides a comprehensive, yet accessible introduction to the ethical issues arising in business. Students who are unfamiliar with ethics will find that they are as unprepared for careers in business as students who are unfamiliar with accounting and finance. It is fair to say that students will not be fully prepared, even within traditional disciplines such as accounting, finance, human resource management, marketing, and management, unless they are sufficiently knowledgeable about the ethical issues that arise specifically within and across those fields"--
_cProvided by publisher.
521 _aAges 18+
_bMcGraw-Hill Education
653 _aBusiness ethics
653 _aბიზნეს ეთიკა
700 1 _aDesJardins, Joseph,
_eauthor.
_914425
700 1 _aMacDonald, Chris,
_eauthor.
_914426
906 _a0
_bibc
_corignew
_d2
_eepcn
_f20
_gy-gencatlg
942 _2udc
_cBK
955 _bxd15 2019-10-29